The Ecstatic : (Record no. 6071)

MARC details
000 -LEADER
fixed length control field 00511cam a22001932 4500
001 - CONTROL NUMBER
control field 0000002874
005 - DATE AND TIME OF LATEST TRANSACTION
control field 20151217151906.0
008 - FIXED-LENGTH DATA ELEMENTS--GENERAL INFORMATION
fixed length control field 070420s xx 000 0 eng d
020 ## - INTERNATIONAL STANDARD BOOK NUMBER
International Standard Book Number 037571331X :
040 ## - CATALOGING SOURCE
Original cataloging agency KABU
Transcribing agency KABU
050 #0 - LIBRARY OF CONGRESS CALL NUMBER
Classification number PS3562
Item number .A93E27
100 1# - MAIN ENTRY--PERSONAL NAME
Personal name Lavalle, Victor D.
-- 0000152382
245 14 - TITLE STATEMENT
Title The Ecstatic :
Remainder of title a novel.
260 ## - PUBLICATION, DISTRIBUTION, ETC. (IMPRINT)
Place of publication, distribution, etc. New York :
Name of publisher, distributor, etc. Vintage Books,
Date of publication, distribution, etc. 2002.
300 ## - PHYSICAL DESCRIPTION
Extent 272 p.
908 ## - PUT COMMAND PARAMETER (RLIN)
Put command parameter 070420
950 ## - LOCAL HOLDINGS (RLIN)
-- 1
Holdings
Withdrawn status Lost status Source of classification or shelving scheme Not for loan Home library Current library Date acquired Total Checkouts Total Renewals Full call number Barcode Checked out Date last seen Date last checked out Price effective from Koha item type
    Library of Congress Classification   Kabarak, Main Campus Kabarak, Main Campus 17/12/2015 8 1 PS3562 .A93E27 004568 14/03/2026 26/02/2026 26/02/2026 17/12/2015 General Collection
Designed with assistance from East African Informatics Ltd